<?xml version="1.0" encoding="UTF-8"?>
<record
    xmlns:xsi="http://www.w3.org/2001/XMLSchema-instance"
    xsi:schemaLocation="http://www.loc.gov/MARC21/slim http://www.loc.gov/standards/marcxml/schema/MARC21slim.xsd"
    xmlns="http://www.loc.gov/MARC21/slim">

  <leader>00777nam1a22002171i 4500</leader>
  <controlfield tag="001">rc\2853609</controlfield>
  <controlfield tag="005">20240726085837.0</controlfield>
  <datafield tag="035" ind1=" " ind2=" ">
    <subfield code="a">(NLR Aleph) 007008350</subfield>
  </datafield>
  <datafield tag="090" ind1=" " ind2=" ">
    <subfield code="a">5789045</subfield>
    <subfield code="c">5789045</subfield>
  </datafield>
  <datafield tag="100" ind1=" " ind2=" ">
    <subfield code="a">20110706d1932    |||y0rusy50      ca</subfield>
  </datafield>
  <datafield tag="101" ind1="0" ind2=" ">
    <subfield code="a">rus</subfield>
  </datafield>
  <datafield tag="102" ind1=" " ind2=" ">
    <subfield code="a">RU</subfield>
  </datafield>
  <datafield tag="105" ind1=" " ind2=" ">
    <subfield code="a">y   z   |||||</subfield>
  </datafield>
  <datafield tag="200" ind1="1" ind2=" ">
    <subfield code="a">&#x41F;&#x43E;&#x441;&#x43E;&#x431;&#x438;&#x435; &#x443;&#x447;&#x430;&#x449;&#x438;&#x43C; &#x43F;&#x43E; &#x43E;&#x431;&#x443;&#x447;&#x435;&#x43D;&#x438;&#x44E; &#x440;&#x443;&#x441;&#x441;&#x43A;&#x43E;&#x43C;&#x443; &#x44F;&#x437;&#x44B;&#x43A;&#x443; &#x432; &#x445;&#x430;&#x43A;&#x430;&#x441;&#x441;&#x43A;&#x43E;&#x439; &#x43D;&#x430;&#x446;&#x438;&#x43E;&#x43D;&#x430;&#x43B;&#x44C;&#x43D;&#x43E;&#x439; &#x448;&#x43A;&#x43E;&#x43B;&#x435;</subfield>
    <subfield code="e">&#x427;. 1-</subfield>
    <subfield code="f">&#x41A;. &#x421;&#x430;&#x43C;&#x440;&#x438;&#x43D;</subfield>
  </datafield>
  <datafield tag="210" ind1=" " ind2=" ">
    <subfield code="a">&#x410;&#x431;&#x430;&#x43A;&#x430;&#x43D;</subfield>
    <subfield code="c">&#x424;&#x438;&#x43B;&#x438;&#x430;&#x43B; &#x417;&#x430;&#x43F;.-&#x421;&#x438;&#x431;. &#x43E;&#x442;&#x434;-&#x43D;&#x438;&#x44F; &#x41E;&#x433;&#x438;&#x437;'&#x430;</subfield>
    <subfield code="d">1932</subfield>
    <subfield code="g">&#x442;&#x438;&#x43F;. &#x2116; 5 &#x417;&#x430;&#x43F;&#x441;&#x438;&#x431;&#x43F;&#x43E;&#x43B;&#x438;&#x433;&#x440;&#x430;&#x444;&#x442;&#x440;&#x435;&#x441;&#x442;&#x430;</subfield>
  </datafield>
  <datafield tag="215" ind1=" " ind2=" ">
    <subfield code="d">20&#xD7;15 &#x441;&#x43C;</subfield>
  </datafield>
  <datafield tag="700" ind1=" " ind2="1">
    <subfield code="a">&#x421;&#x430;&#x43C;&#x440;&#x438;&#x43D;</subfield>
    <subfield code="b">&#x41A;.</subfield>
  </datafield>
  <datafield tag="801" ind1=" " ind2="0">
    <subfield code="a">RU</subfield>
    <subfield code="b">NLR</subfield>
    <subfield code="g">psbo</subfield>
  </datafield>
  <datafield tag="801" ind1=" " ind2="1">
    <subfield code="a">RU</subfield>
    <subfield code="b">ELAR</subfield>
    <subfield code="2">rusmarc</subfield>
  </datafield>
  <datafield tag="852" ind1=" " ind2=" ">
    <subfield code="a">NLR</subfield>
    <subfield code="j">33-17/162</subfield>
  </datafield>
  <datafield tag="942" ind1=" " ind2=" ">
    <subfield code="c">BOOK</subfield>
  </datafield>
</record>
